LEADER 00526nas a2200157 i 4500 001 000000129929 003 CaOOAMICUS 005 20041013000000.0 008 041013b it uu u0 0ita r 013 $a102662 040 $aSeMil$bita 245 10$aTitolo mancante. 773 0 $tBollettino Ufficiale dell'Azione Cattolica Italiana.$dRoma : [s.n.], 1923.$w()2036 850 $aSeMil 852 $aSeMil$W1$xVenegono$y1$m250 1 1-23$j84015$B84015$CSeMilBibl$Z2$F87497 $82 996 $6245$aTitolo mancante$9(OLS)http://semarc/title/46445 LEADER 00995nam a2200229 i 4500 001 000000189693 003 CaOOAMICUS 005 20100514000000.0 008 100514s1928 it u000 u ita u 013 $a167970 040 $aSeMil$bita 100 1 $aFrançois : de Sales,$c.$0(OLS)http://semarc/name/1031 245 10$aTeotimo ossia trattato dell'amor di Dio /$cSan Francesco Di Sales ; Traduzione del Prof. A. Fabre. 250 $a2. ed. 260 $aRoma :$bLibreria Salesiana,$c1928. 300 $a601 p. ;$c20 cm. 650 4$aFrancesco : di Sales - Scritti spirituali.$0(OLS)http://semarc/subject/4225 700 1 $aFabre, Alessandro.$0(OLS)http://semarc/name/69381 850 $aSeMil 852 $aSeMil$W1$xVenegono$y1$m3H III 250$j140324$B140324$CSeMilBibl$Z2$F151943 $81 996 $6245$aTeotimo ossia trattato dell'amor di Dio$9(OLS)http://semarc/title/273132 996 $6260$aRoma :$bLibreria Salesiana$9(OLS)http://semarc/publisher/45276